00393nam a22001577a 450000500170000000800410001702000260005804000090008404100120009308200150010510000220012024500330014226000310017530000080020665000210021420260603124935.0260603b |||||||| |||| 00| 0 eng d a9788183423526c995.00 aMAIN aEnglish a539.7bAGG aAggrawal, Pankaj  aNuclear and Particle Physics aNew DelhibCrescent c2015 a256 aPhysics (PM USHA